[Event "12. Obert Int. Sant Marti 2010 - B"]
[Site "Barcelona ESP"]
[Date "2010.07.21"]
[Round "9.9"]
[White "Avramov, Petkov Plamen"]
[Black "Porras Dalmau, Daniel"]
[Result "1-0"]
[WhiteElo "1882"]
[BlackElo "1951"]
[PlyCount "91"]
[EventDate "2010.07.13"]
[EventType "swiss"]
[EventRounds "9"]
[EventCountry "ESP"]
[SourceTitle "Ajedrez en Madrid"]
[Source "lmi"]
[SourceDate "2010.07.13"]
[SourceVersion "1"]
[SourceVersionDate "2019.06.18"]
[SourceQuality "1"]

1. d4 d5 2. c4 e6 3. Nc3 c6 4. cxd5 exd5 5. Bf4 Nf6 6. e3 Bf5 7. Bd3 Bxd3 8.
Qxd3 Nbd7 9. Nf3 Be7 10. h3 Nf8 11. O-O Ng6 12. Bh2 O-O 13. a3 Ne8 14. b4 b5
15. Rfc1 a5 16. Na2 Qc7 17. Qc2 axb4 18. Nxb4 Bxb4 19. axb4 Rxa1 20. Rxa1 Nd6
21. Bxd6 Qxd6 22. Qc5 Qxc5 23. dxc5 Rc8 24. Ra7 f6 25. Nd4 Ne5 26. Nf5 Kh8 27.
Nxg7 Nd3 28. Nh5 Rf8 29. Rc7 Nxb4 30. Kf1 Kg8 31. Ke2 h6 32. Kd2 Rf7 33. Rc8+
Rf8 34. Rc7 Rf7 35. Rc8+ Rf8 36. Nxf6+ Kf7 37. Rxf8+ Kxf8 38. Kc3 Na6 39. Kd4
b4 40. Nd7+ Ke8 41. Ne5 b3 42. Kc3 Nxc5 43. f3 Ke7 44. Nxc6+ Kf6 45. Nd4 Kg5
46. g3 1-0

[Event "12. Obert Int. Sant Marti 2010 - B"]
[Site "Barcelona ESP"]
[Date "2010.07.21"]
[Round "9.10"]
[White "Marina De La Torre, Ivan"]
[Black "Santolaria Pena, M.."]
[Result "0-1"]
[WhiteElo "1944"]
[BlackElo "1893"]
[PlyCount "70"]
[EventDate "2010.07.13"]
[EventType "swiss"]
[EventRounds "9"]
[EventCountry "ESP"]
[SourceTitle "Ajedrez en Madrid"]
[Source "lmi"]
[SourceDate "2010.07.13"]
[SourceVersion "1"]
[SourceVersionDate "2019.06.18"]
[SourceQuality "1"]

1. d4 Nf6 2. Bg5 g6 3. c4 Bg7 4. Nc3 O-O 5. e4 c6 6. Qd2 d6 7. Bd3 Nbd7 8. Nge2
a6 9. Bh6 b5 10. Bxg7 Kxg7 11. f3 bxc4 12. Bxc4 Rb8 13. O-O c5 14. Kh1 Qa5 15.
Rfd1 Nb6 16. Bb3 Bd7 17. dxc5 Qxc5 18. Rac1 Qb4 19. Qd4 Qxd4 20. Nxd4 Rfc8 21.
Kg1 Nc4 22. Bxc4 Rxc4 23. b3 Rc5 24. Kf2 Rbc8 25. Nce2 e5 26. Rxc5 Rxc5 27. b4
Rc4 28. Nb3 Rxb4 29. Rxd6 Bb5 30. Ke3 Rc4 31. Rd2 Nd7 32. Nec1 Nb6 33. Nd3 Rc3
34. Ke2 Nc4 35. Rd1 Nb2 0-1